000 01234nam a2200265 a 4500
001 39693
003 BD-RjUL
005 20230830123639.0
008 160416r20221995ii a|||| |||| 001 0 ben d
020 _a8172153422
_c: Tk. 900.00
020 _a9788172153427
035 _a(BD-RjUL) 39806
040 _aBD-RjUL
_bben
_cBD-RjUL
041 _aben
082 _223
_a780.920954
_bMUK 2022
100 _aমুখোপাধ্যায়, কুমারপ্রসাদ
_9120008
245 1 0 _aকুদরত রঙ্গিবিরঙ্গী /
_cকুমারপ্রসাদ মুখোপাধ্যায় ; বিমল দাস, প্রচ্ছদ ও অলংকারক
260 _aকলকাতা :
_bআনন্দ,
_c১৯৯৫,২০১২ [মুদ্রণ ২০২২]
300 _a২৯০ পৃ. :
_bচিত্র ;
_c২৪ সেমি.
500 _aনির্ঘণ্ট ও পরিশিষ্ট সংযুক্ত
650 _aসুরকাররা
_xজীবনী
_9122263
_zভারত
650 _aMusicians
_xBiography
_9122264
_zIndia
700 _aদাস, বিমল, প্রচ্ছদ ও অলংকারক
_98706
942 _2ddc
_cBK
999 _c39693
_d39693